Фильмы с Георгием Вициным - Армагеддон - Statistics

General Stats
  • This quiz has been taken 15 times
  • The average score is 8 of 15
Answers on the Grid
Answers color-coded by a green-red scale on the quiz's grid according to % correct below.
12 стульев
Афоня
Отпуск в сентябре
Деловые люди
Земля Санникова
Вам и не снилось
Иван Васильевич меняет профессию
Не может быть
Синяя птица
Не было бы счастья
Джентльмены удачи
Антон Иванович сердится
Чиполлино
Доживём до понедельника
Формула радуги
Сказка о потерянном времени
Гараж
Айболит-66
Женитьба Бальзаминова
Трое в лодке, не считая собаки
Комедия давно минувших дней
Опасно для жизни
Золотой телёнок
Егорка
Путешествие пана Кляксы
Курьер
Большая перемена
Неисправимый лгун
Вечера на хуторе близ Диканьки
За спичками
 
Answer Stats
Answer % Correct
Не может быть
100%
Джентльмены удачи
100%
Сказка о потерянном времени
80%
Женитьба Бальзаминова
80%
Неисправимый лгун
80%
12 стульев
80%
Деловые люди
60%
Синяя птица
40%
Опасно для жизни
40%
За спичками
40%
Земля Санникова
30%
Путешествие пана Кляксы
30%
Чиполлино
20%
Комедия давно минувших дней
10%
Формула радуги
0%
No matching quizzes found
Score Distribution
Percent of People with Each Score
Percentile by Number Answered
Your Score History
You have not taken this quiz